| 000 | 00515nam a22001577a 4500 | ||
|---|---|---|---|
| 005 | 2010031003413.0 | ||
| 008 | 100310t xxu||||| |||| 00| 0 eng d | ||
| 080 |
_a89S-2 _bBHA/MA;1 |
||
| 100 |
_aBhavathuthi _911102 |
||
| 245 | _aMalathimadhava | ||
| 260 |
_aVaranasi _bBanaras government sanskrit library _c1953 _911103 |
||
| 300 | _a418 p. | ||
| 653 | _aSanskrit literature | ||
| 942 | _cBK | ||
| 952 |
_w2010-03-10 _p00028437 _r2010-03-10 _40 _00 _bUL _10 _o89 S-2 BHA/MA;1 _d2010-03-10 _70 _2udc _yBK _aUL |
||
| 999 |
_c10841 _d10840 |
||